[Event "Buenos Aires Masters op"]
[Site "Buenos Aires"]
[Date "2023.06.19"]
[Round "8"]
[White "Moldovan, Adrian"]
[Black "Llanos, Guillermo"]
[Result "1-0"]
[WhiteElo "1989"]
[BlackElo "2305"]
[PlyCount "116"]
[EventDate "2023.06.14"]
[EventType "swiss"]
[EventRounds "9"]
[EventCountry "ARG"]
[SourceTitle "CBM 215 Extra"]
[Source "ChessBase"]
[SourceDate "2023.09.30"]
[SourceVersion "1"]
[SourceVersionDate "2023.09.30"]
[SourceQuality "1"]

1. Nf3 f5 2. c4 Nf6 3. b3 g6 4. Bb2 Bg7 5. Nc3 0-0 6. g3 d6 7. d4 c5 8. Bg2 Ne4 9. 0-0 Nc6 10. Nxe4 fxe4 11. Ng5 e5 12. h4 exd4 13. Bxe4 Qe7 14. Bd5+ Kh8 15. Bg2 Bg4 16. Nf3 Rae8 17. Re1 Qf6 18. Rf1 Qe6 19. Re1 Qf5 20. Rf1 d3 21. e4 Qd7 22. Bxg7+ Qxg7 23. Qxd3 Bxf3 24. Qxd6 Bxg2 25. Kxg2 Re5 26. Rad1 Nd4 27. Rfe1 b6 28. b4 Nc2 29. Re2 Nxb4 30. f4 Ree8 31. a3 Na6 32. e5 Qb7+ 33. Qd5 Qc8 34. e6 Re7 35. g4 Nc7 36. Qe5+ Kg8 37. f5 Qb7+ 38. Kh2 Ne8 39. Qe3 Nf6 40. Rg1 Qc7+ 41. Kh1 Qc6+ 42. Kh2 Qd6+ 43. Kh1 Qc6+ 44. Kh2 Qc7+ 45. Kh1 Qb7+ 46. Kh2 gxf5 47. gxf5+ Kh8 48. Reg2 Qc7+ 49. Kh3 Rd8 50. h5 Qd6 51. Qg5 Qe5 52. Rg3 b5 53. Re1 Qd4 54. Rd1 Rg8 55. Rxd4 Rxg5 56. Rd8+ Kg7 57. Rxg5+ Kh6 58. Kh4 bxc4 1-0

[Event "ARG-ch sf 98th"]
[Site "Buenos Aires"]
[Date "2023.05.05"]
[Round "7"]
[White "Jasper, Nicolas"]
[Black "Moldovan, Adrian"]
[Result "1/2-1/2"]
[WhiteElo "1751"]
[BlackElo "1989"]
[PlyCount "96"]
[EventDate "2023.04.29"]
[EventType "swiss"]
[EventRounds "9"]
[EventCountry "ARG"]
[SourceTitle "CBM 214 Extra"]
[Source "ChessBase"]
[SourceDate "2023.07.31"]
[SourceVersion "1"]
[SourceVersionDate "2023.07.31"]
[SourceQuality "1"]

1. d4 d5 2. Nf3 Nf6 3. Bf4 Nbd7 4. Nbd2 e6 5. e3 c5 6. Bd3 Be7 7. h3 b6 8. c3 Bb7 9. Qb1 Rc8 10. Ne5 a6 11. 0-0 h6 12. b4 cxd4 13. cxd4 0-0 14. b5 a5 15. a4 Nxe5 16. Bxe5 Nd7 17. Bg3 Bb4 18. Nf3 Qe7 19. Rc1 Bd6 20. Bxd6 Qxd6 21. Qb2 g6 22. Rxc8 Rxc8 23. Rc1 Rxc1+ 24. Qxc1 e5 25. Nxe5 Nxe5 26. dxe5 Qxe5 27. Qc2 Kg7 28. Be2 Kf6 29. Bf3 Qa1+ 30. Kh2 Qe5+ 31. Kg1 Ke6 32. Qd1 h5 33. Kf1 Qc3 34. Qd4 Qc5 35. h4 Bc8 36. g4 Qxd4 37. exd4 hxg4 38. Bxg4+ f5 39. Bh3 Bd7 40. Ke1 Kf6 41. f4 Ke6 42. Kd2 Be8 43. Bg2 Bf7 44. Bf3 Kf6 45. Ke3 Kg7 46. Kd2 Kf6 47. Ke3 Kg7 48. Kd2 Kf6 1/2-1/2

[Event "ARG-ch sf 98th"]
[Site "Buenos Aires"]
[Date "2023.05.04"]
[Round "6"]
[White "Moldovan, Adrian"]
[Black "Sasson, Maximiliano"]
[Result "0-1"]
[WhiteElo "1989"]
[BlackElo "2133"]
[PlyCount "76"]
[EventDate "2023.04.29"]
[EventType "swiss"]
[EventRounds "9"]
[EventCountry "ARG"]
[SourceTitle "CBM 214 Extra"]
[Source "ChessBase"]
[SourceDate "2023.07.31"]
[SourceVersion "1"]
[SourceVersionDate "2023.07.31"]
[SourceQuality "1"]

1. Nf3 d5 2. b3 Nf6 3. Bb2 c5 4. e3 Nc6 5. d4 e6 6. Bd3 cxd4 7. exd4 Qa5+ 8. c3 Be7 9. Qe2 0-0 10. 0-0 Bd7 11. a4 Rfc8 12. Nbd2 a6 13. b4 Qc7 14. Ne5 Bf8 15. f4 Ne7 16. Nb3 Nf5 17. g4 Nd6 18. Nc5 Bc6 19. Rf3 Nfe4 20. Re1 Nxc5 21. dxc5 Ne4 22. g5 g6 23. Rh3 Bg7 24. c4 Rd8 25. cxd5 exd5 26. Rf1 Bd7 27. Re3 Bf5 28. Bd4 Qe7 29. Qb2 Bf8 30. Rc1 f6 31. Rxe4 dxe4 32. gxf6 Qxf6 33. Bc4+ Be6 34. Nd7 Qf5 35. Nf6+ Kf7 36. Qb3 Rxd4 37. Nxh7 Bxc4 38. Qg3 Be7 0-1

[Event "ARG-ch 96th"]
[Site "Buenos Aires"]
[Date "2022.06.02"]
[Round "1"]
[White "Fiorito, Fabian"]
[Black "Moldovan, Adrian"]
[Result "1-0"]
[WhiteElo "2370"]
[BlackElo "1876"]
[PlyCount "123"]
[EventDate "2022.06.02"]
[EventType "swiss"]
[EventRounds "11"]
[EventCountry "ARG"]
[SourceTitle "CBM 208 Extra"]
[Source "ChessBase"]
[SourceDate "2022.07.31"]
[SourceVersion "1"]
[SourceVersionDate "2022.07.31"]
[SourceQuality "1"]

1. e4 d5 2. exd5 Qxd5 3. Nc3 Qa5 4. d4 Nf6 5. Nf3 c6 6. Bc4 Bg4 7. h3 Bh5 8. g4 Bg6 9. Ne5 e6 10. h4 Nbd7 11. Nxd7 Nxd7 12. h5 Be4 13. 0-0 Bd5 14. Nxd5 cxd5 15. Bd3 Bd6 16. c3 g6 17. h6 e5 18. dxe5 Nxe5 19. Be2 0-0-0 20. Be3 Nc4 21. Bd4 Rhe8 22. b3 Ne5 23. b4 Qc7 24. b5 b6 25. a4 Qe7 26. Kg2 g5 27. Bd3 Nxd3 28. Qxd3 Qe4+ 29. Qxe4 Rxe4 30. f3 Re2+ 31. Rf2 Rde8 32. Ra2 R2e6 33. Rfd2 Bf4 34. Rd3 Rxh6 35. Bg1 Rd6 36. a5 Kb7 37. Rd1 Be3 38. Re2 Rde6 39. a6+ Kc7 40. Rxe3 Rxe3 41. Bxe3 Rxe3 42. Rxd5 f6 43. c4 Re2+ 44. Kg3 Re5 45. Rd1 f5 46. gxf5 Rxf5 47. Rh1 Rf7 48. Rh6 Kb8 49. Kg4 Rf4+ 50. Kxg5 Rxc4 51. f4 Rc5+ 52. f5 Rxb5 53. Rxh7 Ra5 54. Rb7+ Ka8 55. Re7 Rxa6 56. f6 Ra1 57. f7 Rf1 58. Re8+ Kb7 59. f8Q Rxf8 60. Rxf8 Kc6 61. Kf5 Kc5 62. Ke4 1-0

[Event "Villa Martelli ProAm op 28th"]
[Site "Villa Martelli"]
[Date "2021.11.04"]
[Round "1"]
[White "Moldovan, Adrian"]
[Black "Obregon, Carlos Andres"]
[Result "0-1"]
[WhiteElo "1899"]
[BlackElo "2525"]
[PlyCount "80"]
[EventDate "2021.11.04"]
[EventType "swiss"]
[EventRounds "7"]
[EventCountry "ARG"]
[SourceTitle "CBM 205 Extra"]
[Source "ChessBase"]
[SourceDate "2022.01.31"]
[SourceVersion "1"]
[SourceVersionDate "2022.01.31"]
[SourceQuality "1"]

1. Nf3 Nf6 2. g3 g6 3. b3 Bg7 4. Bb2 c5 5. Bg2 d6 6. e4 0-0 7. d3 Nc6 8. 0-0 e5 9. Nfd2 Bg4 10. f3 Be6 11. Nc3 Nd4 12. a4 Nh5 13. Nd5 f5 14. c3 Nc6 15. Qe2 f4 16. g4 Nf6 17. c4 Nd7 18. Kh1 Bh6 19. Rg1 Bg5 20. Bh3 Nd4 21. Qd1 Kg7 22. Rg2 Rh8 23. Bxd4 exd4 24. Qe2 Ne5 25. Rag1 Rf8 26. Rb1 Qd7 27. Ra1 Bd8 28. Rag1 Ba5 29. Nb1 Rae8 30. Na3 a6 31. Nc2 b5 32. axb5 Bxd5 33. exd5 Nxc4 34. Qd1 Nb2 35. Qa1 Bc3 36. Qxa6 Nxd3 37. b6 Ne5 38. Qa7 Qxa7 39. bxa7 Nxf3 40. Rd1 Ng5 0-1

[Event "South America-ch U14 16th"]
[Site "Buenos Aires"]
[Date "2019.12.01"]
[Round "1.7"]
[White "Moldovan, Adrian"]
[Black "Aviles, Pedro"]
[Result "1-0"]
[WhiteElo "1899"]
[BlackElo "1458"]
[PlyCount "79"]
[EventDate "2019.12.01"]
[EventType "swiss"]
[EventRounds "9"]
[EventCountry "ARG"]
[SourceTitle "EXT 2024"]
[Source "ChessBase"]
[SourceDate "2023.10.10"]
[SourceVersion "1"]
[SourceVersionDate "2023.10.10"]
[SourceQuality "1"]

1. Nf3 d5 2. g3 Nf6 3. Bg2 Bf5 4. b3 e6 5. Bb2 c5 6. 0-0 Nc6 7. Re1 Be7 8. d3 0-0 9. Nbd2 d4 10. Nc4 Bd6 11. e4 dxe3 12. Nxe3 Bg6 13. Nc4 Nd5 14. a3 Rc8 15. Nfe5 Bxe5 16. Nxe5 Nxe5 17. Bxe5 f6 18. Bb2 Qd7 19. h4 Qf7 20. Qg4 f5 21. Qc4 Rfd8 22. Re5 Qd7 23. a4 a6 24. Bxd5 exd5 25. Qf4 Re8 26. Rae1 d4 27. Ba3 b6 28. f3 Rxe5 29. Rxe5 Re8 30. a5 bxa5 31. Bxc5 Rc8 32. Re7 Qd5 33. Qe5 Qxe5 34. Rxe5 Kf7 35. Kf2 Kf6 36. Bxd4 Rxc2+ 37. Re2+ Kf7 38. Rxc2 f4 39. gxf4 Bxd3 40. Ra2 1-0

[Event "ARG-ch U14"]
[Site "Buenos Aires"]
[Date "2019.03.02"]
[Round "3.3"]
[White "Velazco, Tomas Sebastian"]
[Black "Moldovan, Adrian"]
[Result "0-1"]
[WhiteElo "1485"]
[BlackElo "1770"]
[PlyCount "74"]
[EventDate "2019.03.01"]
[EventType "swiss"]
[EventRounds "9"]
[EventCountry "ARG"]
[SourceTitle "EXT 2024"]
[Source "ChessBase"]
[SourceDate "2023.10.10"]
[SourceVersion "1"]
[SourceVersionDate "2023.10.10"]
[SourceQuality "1"]

1. e4 Nf6 2. Nc3 d5 3. exd5 Nxd5 4. Bc4 Nb6 5. Bb3 Nc6 6. Nf3 Bg4 7. h3 Bxf3 8. Qxf3 e6 9. d3 Qd7 10. Be3 Bb4 11. Bd2 0-0-0 12. Ne4 Bxd2+ 13. Nxd2 Rhe8 14. 0-0-0 Nd4 15. Qe4 f5 16. Qe5 Qc6 17. g3 a5 18. Qxa5 Rd5 19. Qb4 Red8 20. Nc4 Nxc4 21. Qxc4 Rc5 22. Qa4 b5 23. Qb4 Nxc2 24. Bxc2 Rxc2+ 25. Kb1 Rxf2 26. Rc1 Qd6 27. Qa5 Qxd3+ 28. Ka1 Rc2 29. Qa7 Rxc1+ 30. Rxc1 Qd6 31. Qa5 Qc6 32. Kb1 Qe4+ 33. Ka1 Qb7 34. Qc3 Rd7 35. a3 Qd5 36. Qa5 Kb7 37. Qe1 c6 0-1

[Event "ARG-ch U14"]
[Site "Buenos Aires"]
[Date "2019.03.01"]
[Round "1.5"]
[White "Bois Molina, Ivan"]
[Black "Moldovan, Adrian"]
[Result "0-1"]
[WhiteElo "1332"]
[BlackElo "1770"]
[PlyCount "98"]
[EventDate "2019.03.01"]
[EventType "swiss"]
[EventRounds "9"]
[EventCountry "ARG"]
[SourceTitle "EXT 2024"]
[Source "ChessBase"]
[SourceDate "2023.10.10"]
[SourceVersion "1"]
[SourceVersionDate "2023.10.10"]
[SourceQuality "1"]

1. d4 Nf6 2. c4 d6 3. Nc3 g6 4. e4 c6 5. Bd3 Bg7 6. f3 Nbd7 7. Be3 Qa5 8. Qd2 a6 9. Nge2 b5 10. 0-0 0-0 11. a3 bxc4 12. Bxc4 Rd8 13. Qc2 e6 14. Bd2 Qb6 15. Kh1 Bb7 16. Rab1 Rac8 17. Qd3 Re8 18. Bf4 d5 19. Ba2 dxe4 20. fxe4 c5 21. Be3 Qd6 22. Rbd1 c4 23. Bxc4 Qc6 24. b3 e5 25. d5 Qd6 26. a4 Ng4 27. Bc1 h5 28. Qf3 Rf8 29. h3 Nh6 30. Bg5 f6 31. Bxh6 Bxh6 32. Qg3 Kh7 33. Rf3 Nb6 34. Rdf1 Rf7 35. Qh4 Bg5 36. Qg3 Nxc4 37. bxc4 Rxc4 38. Qh2 Bc8 39. g4 hxg4 40. hxg4+ Kg8 41. Rh3 Rg7 42. Rg1 Bd2 43. Nd1 Bd7 44. Rf1 Bxg4 45. Rh8+ Kf7 46. Qh4 f5 47. exf5 Bf3+ 48. Rxf3 Rxh4+ 49. Kg1 Rxh8 0-1

[Event "ARG-ch U14"]
[Site "Buenos Aires"]
[Date "2019.03.01"]
[Round "2.4"]
[White "Moldovan, Adrian"]
[Black "Gomez, Mauricio"]
[Result "1-0"]
[WhiteElo "1770"]
[BlackElo "1461"]
[PlyCount "117"]
[EventDate "2019.03.01"]
[EventType "swiss"]
[EventRounds "9"]
[EventCountry "ARG"]
[SourceTitle "EXT 2024"]
[Source "ChessBase"]
[SourceDate "2023.10.10"]
[SourceVersion "1"]
[SourceVersionDate "2023.10.10"]
[SourceQuality "1"]

1. Nf3 d5 2. g3 Bf5 3. Bg2 e6 4. d3 Nf6 5. 0-0 Be7 6. Nbd2 Nbd7 7. Re1 c6 8. c3 0-0 9. b3 e5 10. Bb2 e4 11. Nd4 Bg6 12. dxe4 Nxe4 13. Nxe4 Bxe4 14. Bxe4 dxe4 15. Qc2 Nf6 16. Rad1 Qc8 17. Kg2 c5 18. Nb5 Qc6 19. c4 e3+ 20. f3 Rad8 21. Qc3 a6 22. Na3 Rfe8 23. Nc2 Bd6 24. Nxe3 Be5 25. Qc2 Bxb2 26. Rxd8 Rxd8 27. Qxb2 Qe6 28. Rd1 Re8 29. Rd3 h5 30. Qd2 h4 31. Rd8 h3+ 32. Kf2 Qe5 33. Rxe8+ Nxe8 34. Qd5 Qa1 35. Qxb7 Qh1 36. Nf1 Qg2+ 37. Ke1 Nf6 38. Qc8+ Kh7 39. Qf5+ Kg8 40. Qxc5 Kh7 41. Qf5+ Kg8 42. c5 Qg1 43. Qc8+ Kh7 44. Qxh3+ Kg8 45. Qc8+ Kh7 46. Qf5+ Kg8 47. Qe5 Kh7 48. Qe3 Qxe3 49. Nxe3 Kg6 50. c6 Ne8 51. Nd5 Kf5 52. c7 Nd6 53. Ne7+ Ke6 54. c8Q+ Nxc8 55. Nxc8 Kd7 56. Nb6+ Kc6 57. Nc4 Kc5 58. Kd2 Kb4 59. Kd3 1-0

[Event "ARG-chT ART Semillero U21"]
[Site "Villa Martelli"]
[Date "2018.06.16"]
[Round "3.2"]
[White "Moldovan, Adrian"]
[Black "Geslin, Ariel"]
[Result "1/2-1/2"]
[WhiteElo "1685"]
[BlackElo "1538"]
[PlyCount "53"]
[EventDate "2018.06.02"]
[EventType "team-swiss"]
[EventRounds "6"]
[EventCountry "ARG"]
[SourceTitle "EXT 2019"]
[Source "ChessBase"]
[SourceDate "2018.10.10"]
[SourceVersion "1"]
[SourceVersionDate "2018.10.10"]
[SourceQuality "1"]
[WhiteTeam "Centro Univ CUV U21"]
[BlackTeam "Torre Blanca U21"]
[WhiteTeamCountry "ARG"]
[BlackTeamCountry "ARG"]

1. e4 e5 2. Nf3 Nc6 3. Bc4 Bc5 4. 0-0 Nf6 5. d3 d6 6. c3 Bg4 7. Nbd2 0-0 8. a4 a5 9. Re1 Re8 10. h3 Be6 11. Qb3 b6 12. Bxe6 fxe6 13. Nf1 d5 14. Ng3 h6 15. Be3 d4 16. cxd4 Nxd4 17. Bxd4 exd4 18. Rac1 Kh7 19. e5 Nd5 20. Re4 Nb4 21. Rc4 Nc6 22. Ne2 Qd5 23. Nf4 Qd7 24. Ne2 Qd5 25. Nf4 Qd7 26. Ne2 Qd5 27. Nf4 1/2-1/2

[Event "ARG-chT ART Semillero U21"]
[Site "Villa Martelli"]
[Date "2018.06.02"]
[Round "1.2"]
[White "Moldovan, Adrian"]
[Black "Tomas Falcon, Jesus"]
[Result "0-1"]
[WhiteElo "1685"]
[BlackElo "2152"]
[PlyCount "74"]
[EventDate "2018.06.02"]
[EventType "team-swiss"]
[EventRounds "6"]
[EventCountry "ARG"]
[SourceTitle "EXT 2019"]
[Source "ChessBase"]
[SourceDate "2018.10.10"]
[SourceVersion "1"]
[SourceVersionDate "2018.10.10"]
[SourceQuality "1"]
[WhiteTeam "Centro Univ CUV U21"]
[BlackTeam "Boca Juniors U21"]
[WhiteTeamCountry "ARG"]
[BlackTeamCountry "ARG"]

1. Nf3 Nf6 2. d4 c5 3. c4 cxd4 4. Nxd4 e5 5. Nb3 Bb4+ 6. Bd2 Be7 7. Nc3 0-0 8. Bg5 a5 9. e3 a4 10. Nd2 a3 11. bxa3 Rxa3 12. Nb5 Ra8 13. Bd3 e4 14. Bc2 d5 15. 0-0 h6 16. Bf4 Bg4 17. f3 exf3 18. gxf3 Bh3 19. Rf2 Nc6 20. Bb3 d4 21. Nf1 Bc5 22. exd4 Nxd4 23. Be3 Ne6 24. Bxc5 Nxc5 25. Rd2 Qa5 26. Rb1 Rad8 27. Rbb2 Nxb3 28. axb3 Qb6+ 29. Nd4 Rfe8 30. Ng3 Re7 31. Kf2 Red7 32. Nge2 Nh5 33. b4 Qg6 34. Qg1 Qf6 35. Qd1 Qh4+ 36. Ke3 Re8+ 37. Kd3 Bf5+ 0-1